Cities With Brazilian Embassies or Consulates - Statistics

General Stats
  • This quiz has been taken 59 times
    50 since last reset
  • The average score is 108 of 179
Answer Stats
Continent Answer % Correct
Washington, D.C.
97%
Americas Buenos Aires
94%
Cairo
94%
Lisbon
94%
Mexico City
94%
Porto
94%
Havana
91%
London
91%
Embassies Africa Algiers
88%
Chicago
88%
Lima
88%
Los Angeles
88%
Santiago
88%
Dublin
85%
Madrid
85%
Miami
85%
Moscow
85%
New Delhi
85%
Paris
85%
Rabat
85%
Rome
85%
Stockholm
85%
Tel Aviv
85%
Tunis
85%
Wellington
85%
Athens
82%
Barcelona
82%
Beijing
82%
Bogotá
82%
Brussels
82%
Copenhagen
82%
Hong Kong
82%
New York City
82%
Oslo
82%
Ottawa
82%
Panama City
82%
Seoul
82%
Singapore
82%
Oceania Sydney
82%
Tokyo
82%
Abuja
79%
Addis Ababa
79%
Ankara
79%
Berlin
79%
Bern
79%
Budapest
79%
Oceania Canberra
79%
Cape Town
79%
Helsinki
79%
Houston
79%
Kinshasa
79%
Consulates Africa Lagos
79%
La Paz
79%
Pretoria
79%
Quito
79%
Shanghai
79%
Commercial Office Asia Taipei
79%
Amsterdam
76%
Asunción
76%
Boston
76%
Dakar
76%
Georgetown
76%
Kyiv
76%
Montevideo
76%
Mumbai
76%
Paramaribo
76%
Vienna
76%
Nairobi
74%
San Francisco
74%
San Salvador
74%
Zagreb
74%
Bangkok
71%
Bratislava
71%
Bucharest
71%
Guatemala City
71%
Jakarta
71%
Luanda
71%
Port-Au-Prince
71%
Riyadh
71%
Sofia
71%
Tegucigalpa
71%
Toronto
71%
Vancouver
71%
Warsaw
71%
Beirut
68%
Brazzaville
68%
Dar Es Salaam
68%
Hanoi
68%
Khartoum
68%
Minsk
68%
Montreal
68%
Prague
68%
Tehran
68%
Kingston
65%
Ljubljana
65%
Lomé
65%
Maputo
65%
Munich
65%
Amman
62%
Atlanta
62%
Baghdad
62%
Baku
62%
Colombo
62%
Europe Frankfurt
62%
Harare
62%
Kuala Lumpur
62%
Managua
62%
Pyongyang
62%
Europe Tirana
62%
Belgrade
59%
Dhaka
59%
Islamabad
59%
Manila
59%
Muscat
59%
Nicosia
59%
Santo Domingo
59%
Zurich
59%
Abu Dhabi
56%
Belmopan
56%
Damascus
56%
Geneva
56%
Lusaka
56%
Nur-Sultan
56%
Port of Spain
56%
Sarajevo
56%
Tallinn
56%
Asia Yerevan
56%
Abidjan
53%
Bamako
53%
Kathmandu
53%
Nassau
53%
Yaoundé
53%
Doha
50%
Asia Guangzhou
50%
Americas Cordoba
47%
Kuwait City
47%
Praia
47%
Windhoek
47%
The Hague
44%
Conakry
41%
Lilongwe
41%
Manama
41%
Nouakchott
41%
Ouagadougou
41%
São Tomé
41%
Bissau
38%
Bridgetown
38%
Cayenne
35%
Cotonou
35%
Gaborone
35%
Malabo
35%
Santa Cruz de la Sierra
35%
Yangon
32%
Dili
29%
Castries
26%
Mendoza
24%
Saint-Georges
24%
Ciudad del Este
21%
Faro
21%
Cochabamba
18%
Nagoya
15%
Representative Office Asia Ramallah
15%
Hartford
12%
Puerto Iguazú
9%
Chuy
6%
Concepción
6%
Leticia
6%
Iquitos
3%
Paso de los Libres
3%
Rivera
3%
Salto del Guairá
3%
Artigas
0%
Cobija
0%
Encarnación
0%
Guayaramerín
0%
Hamamatsu
0%
Puerto Juan Caballero
0%
Puerto Suárez
0%
Rio Branco
0%
No matching quizzes found
Score Distribution
Percent of People with Each Score
Percentile by Number Answered
Your Score History
You have not taken this quiz since the last reset